| 000 | 01378nam a22003374a 4500 | ||
|---|---|---|---|
| 005 | 20091211152652.0 | ||
| 008 | 020917s2003 nyua b 000 1 eng | ||
| 020 |
_a0375812806 _c100.00 |
||
| 020 |
_a0375912800 _c100.00 |
||
| 037 | _bBlueberry Books | ||
| 040 |
_adpl _bEnglish |
||
| 082 | _aS | ||
| 100 |
_aGreenburg, J. C. _q(Judith C.) |
||
| 245 |
_aIn the garden / _cby J.C. Greenburg ; illustrated by Debbie Palen |
||
| 260 |
_aNew York _bRandom House _c2003 |
||
| 300 |
_a81 p. : _bill. _c20 cm(pbk) |
||
| 490 |
_aAndrew lost ; _v4 |
||
| 500 | _a"A stepping stone book." | ||
| 520 | _aAndrew, his cousin Judy, and Thudd the robot, having been shrunk by a shrinking machine, encounter many terrifying creatures, including Mrs. Scuttle, as they try to reach the Atom Sucker before it explodes. | ||
| 650 |
_aInventions _vFiction. |
||
| 650 |
_aInsects _vFiction. |
||
| 650 |
_aInvertebrates _vFiction. |
||
| 650 |
_aSize _vFiction. |
||
| 650 |
_aCousins _vFiction. |
||
| 700 | _aPalen, Debbie | ||
| 800 |
_aGreenburg, J. C. _q(Judith C.) _tAndrew lost ; _v4. |
||
| 856 |
_3Publisher description _uhttp://www.loc.gov/catdir/description/random0413/2002014972.html |
||
| 942 |
_2ddc _cCH _hS _mGRE |
||
| 999 |
_c32576 _d32576 |
||